banner-ar

معارك العرب : (Record no. 62185)

MARC details
000 -الفاتح
حقل البيانات ثابتة الطول 03831nam a22003737a 4500
005 - وقت وتاريخ اخر تعامل مع التسجيلة
رقم الضبط 20240530110536.0
008 - عناصر البيانات ثابتة الطول - معلومات عامة
حقل البيانات ثابتة الطول 160412s2007 le g be 000 0 ara d
040 ## - مصدر الفهرسة
وكالة الفهرسة الأصلية EG-CaGPL
082 04 - رقم تصنيف ديوى العشرى
رقم الطبعة 21
رقم التصنيف 953.003\
رقم المادة م م
245 00 - بيان العنوان
العنوان معارك العرب :
بقية العنوان منذ ما قبل الاسلام و حتى حروب الخليج /
بيان المسئوليه,etc مجموعة من المؤلفين
رقم الجزء/قسم العمل المجلد ( 1 )
اسم جزء/قسم العمل العرب فى الجاهلية .
رقم الجزء/قسم العمل المجلد ( 2 )
اسم جزء/قسم العمل ظهور الاسلام ( منذ بداية الدعوة الى فتح مكة ) .
رقم الجزء/قسم العمل المجلد ( 3 )
اسم جزء/قسم العمل حروب الردة و فتح الحيرة .
رقم الجزء/قسم العمل المجلد ( 4 )
اسم جزء/قسم العمل الفتوحات الكبرى (1) - فتوحات الشام و معركة القادسية.
رقم الجزء/قسم العمل المجلد ( 5 )
اسم جزء/قسم العمل الفتوحات الكبرى (2) - فتح العراق و فارس .
رقم الجزء/قسم العمل المجلد ( 6 )
اسم جزء/قسم العمل الفتوحات الكبرى (3) - اكمال فتح الشام - الفتنة الكبرى .
رقم الجزء/قسم العمل المجلد ( 7 )
اسم جزء/قسم العمل الفتوحات الكبرى (4) - العرب فى المغرب و الاندلس .
رقم الجزء/قسم العمل المجلد ( 8)
اسم جزء/قسم العمل الخلافة الاموية (1) - انتقال الخلافة الى الامويين و الثورات ضدهم .
رقم الجزء/قسم العمل المجلد ( 9)
اسم جزء/قسم العمل دور القوة و الفتوحات و الثورة العباسية .
رقم الجزء/قسم العمل المجلد ( 10)
اسم جزء/قسم العمل الخلافة العباسية (1) العصر العباسى الاول .
رقم الجزء/قسم العمل المجلد ( 11)
اسم جزء/قسم العمل الخلافة العباسية (2) العصر العباسى الثانى او سيطرة الترك .
رقم الجزء/قسم العمل المجلد ( 12)
اسم جزء/قسم العمل الخلافة العباسية (3) العصر العباسى الثالث و سيطرة بنى بوية .
رقم الجزء/قسم العمل المجلد ( 13)
اسم جزء/قسم العمل الخلافة العباسية (4) العصر العباسى الرابع عصر النفوذ السلجوقى (1) .
رقم الجزء/قسم العمل المجلد ( 14)
اسم جزء/قسم العمل الخلافة العباسية (5) عصر النفوذ السلجوقى (2) .
رقم الجزء/قسم العمل المجلد ( 15)
اسم جزء/قسم العمل الخلافة العباسية (6) من النفوذ السلجوقى الى سيطرة ال زنكى .
رقم الجزء/قسم العمل المجلد ( 16)
اسم جزء/قسم العمل الصراع ضد الصليبيين (1) عصر التمدد الصليبى .
رقم الجزء/قسم العمل المجلد ( 17)
اسم جزء/قسم العمل الصراع ضد الصليبيين (2) عصر الاسترداد الاسلامى .
رقم الجزء/قسم العمل المجلد ( 18)
اسم جزء/قسم العمل عصر الامارة المعنية .
رقم الجزء/قسم العمل المجلد ( 19)
اسم جزء/قسم العمل عصر الامارة الشهابية - 1 - .
رقم الجزء/قسم العمل المجلد ( 20)
اسم جزء/قسم العمل عصر الامارة الشهابية (2) و الثورة العربية الكبرى .
رقم الجزء/قسم العمل المجلد ( 21)
اسم جزء/قسم العمل الحروب العربية الاسرائيلية (1) .
رقم الجزء/قسم العمل المجلد ( 22)
اسم جزء/قسم العمل الحروب العربية الاسرائيلية (2) .
رقم الجزء/قسم العمل المجلد ( 23)
اسم جزء/قسم العمل حروب الخليج العربى .
رقم الجزء/قسم العمل المجلد ( 24)
اسم جزء/قسم العمل الفهرس العام .
260 ## - PUBLICATION, DISTRIBUTION, ETC. (IMPRINT)
تاريخ النشر أو التوزيع 2007 .
300 ## - الوصف المادى
التعداد 24 مج ؛
أبعاد الوعاء 32 سم .
504 ## - تبصرة ببليوجرافية
تبصرة ببليوجرافية,الخ يشتمل على ارجاعات ببليوجرافية
650 04 - المدخل الاضافى بالموضوع-مصطلح موضوعى
مصطلح موضوعي حروب الردة
650 04 - المدخل الاضافى بالموضوع-مصطلح موضوعى
مصطلح موضوعي الحروب الصليبية
650 04 - المدخل الاضافى بالموضوع-مصطلح موضوعى
مصطلح موضوعي النزاع العربى الاسرائيلى
650 04 - المدخل الاضافى بالموضوع-مصطلح موضوعى
مصطلح موضوعي فتح الشام
650 04 - المدخل الاضافى بالموضوع-مصطلح موضوعى
مصطلح موضوعي فتح العراق
650 04 - المدخل الاضافى بالموضوع-مصطلح موضوعى
مصطلح موضوعي فتح فارس
650 04 - المدخل الاضافى بالموضوع-مصطلح موضوعى
مصطلح موضوعي الخلافة الاموية
650 04 - المدخل الاضافى بالموضوع-مصطلح موضوعى
مصطلح موضوعي الخلافة العباسية
650 04 - المدخل الاضافى بالموضوع-مصطلح موضوعى
مصطلح موضوعي العصر العباسى الاول
650 04 - المدخل الاضافى بالموضوع-مصطلح موضوعى
مصطلح موضوعي العصر العباسى الثانى
650 04 - المدخل الاضافى بالموضوع-مصطلح موضوعى
مصطلح موضوعي العصر العباسى الثالث
650 04 - المدخل الاضافى بالموضوع-مصطلح موضوعى
مصطلح موضوعي العصر العباسى الرابع
650 04 - المدخل الاضافى بالموضوع-مصطلح موضوعى
مصطلح موضوعي السلاجقة
650 04 - المدخل الاضافى بالموضوع-مصطلح موضوعى
مصطلح موضوعي معركة القادسية
651 04 - المدخل الاضافى بالموضوع - اسم جغرافى
الاسم الجغرافي العالم العربى
التقسيم الفرعي العام تاريخ
651 04 - المدخل الاضافى بالموضوع - اسم جغرافى
الاسم الجغرافي العالم العربى
التقسيم الفرعي العام الاحوال السياسية
651 04 - المدخل الاضافى بالموضوع - اسم جغرافى
الاسم الجغرافي العالم العربى
التقسيم الفرعي العام المعارك الحربية
700 0# - المدخل الاضافى - اسم شخصى
الإسم الشخصى مجموعة من المؤلفين
الدور مؤلف
942 ## - عناصر المدخل الإضافي( كوها)
مصدر التصنيف او مخطط الترفيف Dewey Decimal Classification
Koha [default] item type كتاب
260 ## - PUBLICATION, DISTRIBUTION, ETC. (IMPRINT)
-- بيروت :
-- دار نوبليس ،
Holdings
حالة التراجع حالة الفقد حالة تلف ليس للاعارة المكان المؤقت الموقع الحالى تاريخ الاكتساب اجمالي اﻻعارات رقم الطلب الباركود تاريخ اخر مشاهدة تاريخ تفعيل السعر نوع وعاء كوها
        مكتبة القاهرة الكبرى مكتبة القاهرة الكبرى 04/12/2016   953.003\ م م 161769 04/12/2016 04/12/2016 كتاب
        مكتبة القاهرة الكبرى مكتبة القاهرة الكبرى 04/12/2016   953.003\ م م 161770 04/12/2016 04/12/2016 كتاب
        مكتبة القاهرة الكبرى مكتبة القاهرة الكبرى 04/12/2016   953.003\ م م 161771 04/12/2016 04/12/2016 كتاب
        مكتبة القاهرة الكبرى مكتبة القاهرة الكبرى 04/12/2016   953.003\ م م 161772 04/12/2016 04/12/2016 كتاب
        مكتبة القاهرة الكبرى مكتبة القاهرة الكبرى 04/12/2016   953.003\ م م 161773 04/12/2016 04/12/2016 كتاب
        مكتبة القاهرة الكبرى مكتبة القاهرة الكبرى 04/12/2016   953.003\ م م 161774 04/12/2016 04/12/2016 كتاب
        مكتبة القاهرة الكبرى مكتبة القاهرة الكبرى 04/12/2016   953.003\ م م 161775 04/12/2016 04/12/2016 كتاب
        مكتبة القاهرة الكبرى مكتبة القاهرة الكبرى 04/12/2016   953.003\ م م 161776 04/12/2016 04/12/2016 كتاب
        مكتبة القاهرة الكبرى مكتبة القاهرة الكبرى 04/12/2016   953.003\ م م 161777 04/12/2016 04/12/2016 كتاب
        مكتبة القاهرة الكبرى مكتبة القاهرة الكبرى 04/12/2016   953.003\ م م 161778 04/12/2016 04/12/2016 كتاب
        مكتبة القاهرة الكبرى مكتبة القاهرة الكبرى 04/12/2016   953.003\ م م 161779 04/12/2016 04/12/2016 كتاب
        مكتبة القاهرة الكبرى مكتبة القاهرة الكبرى 04/12/2016   953.003\ م م 161780 04/12/2016 04/12/2016 كتاب
        مكتبة القاهرة الكبرى مكتبة القاهرة الكبرى 04/12/2016   953.003\ م م 161781 04/12/2016 04/12/2016 كتاب
        مكتبة القاهرة الكبرى مكتبة القاهرة الكبرى 04/12/2016   953.003\ م م 161782 04/12/2016 04/12/2016 كتاب
        مكتبة القاهرة الكبرى مكتبة القاهرة الكبرى 04/12/2016   953.003\ م م 161783 04/12/2016 04/12/2016 كتاب
        مكتبة القاهرة الكبرى مكتبة القاهرة الكبرى 04/12/2016   953.003\ م م 161784 04/12/2016 04/12/2016 كتاب
        مكتبة القاهرة الكبرى مكتبة القاهرة الكبرى 04/12/2016   953.003\ م م 161785 04/12/2016 04/12/2016 كتاب
        مكتبة القاهرة الكبرى مكتبة القاهرة الكبرى 04/12/2016   953.003\ م م 161786 04/12/2016 04/12/2016 كتاب
        مكتبة القاهرة الكبرى مكتبة القاهرة الكبرى 04/12/2016   953.003\ م م 161787 04/12/2016 04/12/2016 كتاب
        مكتبة القاهرة الكبرى مكتبة القاهرة الكبرى 04/12/2016   953.003\ م م 161788 04/12/2016 04/12/2016 كتاب
        مكتبة القاهرة الكبرى مكتبة القاهرة الكبرى 04/12/2016   953.003\ م م 161789 04/12/2016 04/12/2016 كتاب
        مكتبة القاهرة الكبرى مكتبة القاهرة الكبرى 04/12/2016   953.003\ م م 161790 04/12/2016 04/12/2016 كتاب
        مكتبة القاهرة الكبرى مكتبة القاهرة الكبرى 04/12/2016   953.003\ م م 161791 04/12/2016 04/12/2016 كتاب
        مكتبة القاهرة الكبرى مكتبة القاهرة الكبرى 04/12/2016   953.003\ م م 161792 04/12/2016 04/12/2016 كتاب

Powered By

EGPV